Name tv shows - Statistics

General Stats
  • This quiz has been taken 5 times
  • The average score is 66 of 216
Answer Stats
Answer % Correct
24
67%
Better call Saul
67%
Bewitched
67%
Breaking bad
67%
Doctor who
67%
Friends
67%
Game of thrones
67%
House M.D
67%
House of cards
67%
Stranger things
67%
Supernatural
67%
The boys
67%
The Brady bunch
67%
The sopranos
67%
The walking dead
67%
Yellow stone
67%
13 reasons why
33%
90210
33%
A discovery of witches
33%
American dad
33%
American horror stories
33%
American horror story
33%
Angel
33%
Arrow
33%
Benidorm
33%
Big little lies
33%
Big Mouth
33%
Big sky
33%
Bitten
33%
Blackish
33%
Black lightning
33%
Black mirror
33%
Bobs Burgers
33%
Bojack horseman
33%
Bones
33%
Buffy the vampire slayer
33%
Castle
33%
Charmed
33%
Cheers
33%
Community
33%
Cruel summer
33%
Danny Phantom
33%
Dare devil
33%
Dead to me
33%
Dexter
33%
Disenchantment
33%
Dynasty
33%
Empire
33%
ER
33%
Everybody hates Chris
33%
Everybody loves Raymond
33%
Family guy
33%
Family Matters
33%
Fate: the winx saga
33%
Faulty towers
33%
Fear the walking dead
33%
Firefly
33%
First kill
33%
Frasier
33%
Fresh Prince of bel air
33%
Futurama
33%
Georgie and Mandy’s first marriage
33%
Gilmore girls
33%
Ginny and Georgia
33%
Girl meets world
33%
Glee
33%
Golden girls
33%
Good girls
33%
Good luck charlie
33%
Gossip girl
33%
Gotham
33%
Greys anatomy
33%
Grimm
33%
Happy days
33%
Haven
33%
Heroes
33%
How I met your mother
33%
Human Resources
33%
ICarly
33%
It’s always sunny in Philadelphia
33%
Izombie
33%
Jane the virgin
33%
Joey
33%
Keeping up appearances
33%
Killing Eve
33%
Kim Possible
33%
Law and order
33%
Legacies
33%
Life unexpected
33%
Locke and key
33%
Lost
33%
Lost girl
33%
Lucifer
33%
Luke Cage
33%
Mad Men
33%
Magnum PI
33%
Malcolm in the middle
33%
Manifest
33%
Melissa and joey
33%
Merlin
33%
Misfits
33%
Modern family
33%
Mork and Mindy
33%
My mad fat diary
33%
My name is Earl
33%
Nancy drew
33%
New girl
33%
Once upon a time
33%
One of us is lying
33%
One tree hill
33%
Only fools and horses
33%
Orange is the new black
33%
Orphan black
33%
Peaky blinders
33%
Pretty Little Liar's
33%
Ravenswood
33%
Reign
33%
Revenge
33%
Rick and Morty
33%
Riverdale
33%
Roswell
33%
Rules of engagement
33%
Runaways
33%
Sabrina the teenage witch
33%
School spirits
33%
Scrubs
33%
Seinfeld
33%
Sex and the city
33%
Shadowhunters
33%
Shameless
33%
Skins
33%
Sonny with a chance
33%
South Park
33%
Squid game
33%
Suite life of Zack and Cody
33%
Superstore
33%
Ted
33%
Teen wolf
33%
Tell me a story
33%
That 70’s show
33%
That 80’s show
33%
That 90’s show
33%
That’s so raven
33%
The Big Bang theory
33%
The gifted
33%
The goldbergs
33%
The good doctor
33%
The good place
33%
The good wife
33%
The good witch
33%
The lost world
33%
The middle
33%
The Mindy project
33%
The OA
33%
The O.C
33%
The office
33%
The originals
33%
The perfectionists
33%
The rookie
33%
The sandman
33%
The Santa Clarita diet
33%
The secret circle
33%
The simpsons
33%
The society
33%
The tudors
33%
The vampire diaries
33%
The x-files
33%
True blood
33%
Twin peaks
33%
Two and a half men
33%
Umbrella academy
33%
Under the dome
33%
Veronica mars
33%
Victorious
33%
Warrior nun
33%
Weeds
33%
We were the lucky ones
33%
Will and grace
33%
Yellowjackets
33%
You
33%
Young Sheldon
33%
Young Sherlock
33%
2 broke girls
0%
Amandaland
0%
American housewife
0%
Being human
0%
Brooklyn 99
0%
Cougar town
0%
Daria
0%
Dawsons creek
0%
Downtown abbey
0%
Euphoria
0%
Fringe
0%
Grace
0%
Hannah Montana
0%
Hemlock grove
0%
Insatiable
0%
Jessica Jones
0%
Kenan and Kel
0%
Little house on the prairie
0%
Mayfair witches
0%
Mike and Molly
0%
Outer banks
0%
Oz
0%
Prison Break
0%
Ragdoll
0%
Rage
0%
Saved by the bell
0%
Smallville
0%
The chilling adventures of Sabrina
0%
The comeback
0%
The handmaids tale
0%
The midnight club
0%
Tuca and Bertie
0%
Ugly Betty
0%
Wednesday
0%
No matching quizzes found
Score Distribution
Percent of People with Each Score
Percentile by Number Answered
Your Score History
You have not taken this quiz